It's never too late for rent reviews (Record no. 83907)

MARC details
000 -LEADER
fixed length control field 01254cab a22002535a 4500
001 - CONTROL NUMBER
control field L155717
008 - FIXED-LENGTH DATA ELEMENTS--GENERAL INFORMATION
fixed length control field 120410s2012 xxk 000 0 eng d
035 ## - SYSTEM CONTROL NUMBER
System control number (Sirsi) u155717
041 0# - LANGUAGE CODE
Language code of text/sound track or separate title eng
100 1# - MAIN ENTRY--PERSONAL NAME
Personal name John, Ed
245 00 - TITLE STATEMENT
Title It's never too late for rent reviews
260 ## - PUBLICATION, DISTRIBUTION, ETC.
Date of publication, distribution, etc. 2012
490 #0 - SERIES STATEMENT
Series statement Hogan Lovells Real Estate Quarterly
Volume/sequential designation Spring 2012, 8-9(2)
520 ## - SUMMARY, ETC.
Summary, etc. Considers the impact of late rent reviews for both landlords and tenants. It is the rule rather than the exception that rent is reviewed late. Late rent reviews can be an expensive surprise for unsuspecting tenants. Tenants could negotiate for new leases a long stop date into the rent review revisions such as six years or the next rent review date. For existing leases an incoming tenant could seek a retention and indemnity from the outgoing tenant to protect it against any uplift if the review is later triggered by the landlord.
590 ## - LOCAL NOTE (RLIN)
Local note KA
650 24 - SUBJECT ADDED ENTRY--TOPICAL TERM
Topical term or geographic name entry element SCOTTISH AND NEWCASTLE PLC V RAGUZ
650 24 - SUBJECT ADDED ENTRY--TOPICAL TERM
Topical term or geographic name entry element BELLO V IDEAL VIEW
650 24 - SUBJECT ADDED ENTRY--TOPICAL TERM
Topical term or geographic name entry element AMHERST V JAMES WALKER GOLDSMITH AND SILVERSMITH LTD
651 #4 - SUBJECT ADDED ENTRY--GEOGRAPHIC NAME
Geographic name England and Wales
Chronological subdivision 1543-
690 ## - LOCAL SUBJECT ADDED ENTRY--TOPICAL TERM (OCLC, RLIN)
Topical term or geographic name as entry element Landlord and tenant
9 (RLIN) 6252
690 ## - LOCAL SUBJECT ADDED ENTRY--TOPICAL TERM (OCLC, RLIN)
Topical term or geographic name as entry element Commercial property
9 (RLIN) 6227
700 1# - ADDED ENTRY--PERSONAL NAME
Personal name Davison, Shanna
942 ## - ADDED ENTRY ELEMENTS (KOHA)
Suppress in OPAC 0
Holdings
Withdrawn status Lost status Source of classification or shelving scheme Damaged status Not for loan Home library Current library Shelving location Date acquired Total Checkouts Full call number Barcode Date last seen Price effective from Koha item type
    Dewey Decimal Classification     London London Journal article 09/04/2012   L155717 155717-1001 06/08/2019 06/08/2019 Journal article